ARRUPE JESUIT UNIVERSITY

CORONAVIRUS -STOP THE SPREAD - CLEAN,DISINFECT,COVER

Word and image (Record no. 123354)

MARC details
000 -LEADER
fixed length control field 00429nam a22001577a 4500
005 - DATE AND TIME OF LATEST TRANSACTION
control field 20150915124652.0
008 - FIXED-LENGTH DATA ELEMENTS--GENERAL INFORMATION
fixed length control field 150909b xxu||||| |||| 00| 0 eng d
050 ## - LIBRARY OF CONGRESS CALL NUMBER
Classification number P94.
Item number W924
100 ## - MAIN ENTRY--PERSONAL NAME
Personal name IMBISA
9 (RLIN) 19927
245 ## - TITLE STATEMENT
Title Word and image
Statement of responsibility, etc by IMBISA
260 ## - PUBLICATION, DISTRIBUTION, ETC. (IMPRINT)
Place of publication, distribution, etc Harare
Name of publisher, distributor, etc IMBISA
Date of publication, distribution, etc 2014
300 ## - PHYSICAL DESCRIPTION
Extent vi, 162p.;
Dimensions 21cm.
650 ## - SUBJECT ADDED ENTRY--TOPICAL TERM
Topical term or geographic name as entry element Church and media
9 (RLIN) 19928
700 ## - ADDED ENTRY--PERSONAL NAME
Personal name Wermter. Oskar
9 (RLIN) 15199
Relator term ed.
942 ## - ADDED ENTRY ELEMENTS (KOHA)
Source of classification or shelving scheme Library of Congress Classification
Item type Monograph ( Printed materials)
Holdings
Withdrawn status Lost status Source of classification or shelving scheme Damaged status Not for loan Collection code Home library Current library Shelving location Date acquired Total Checkouts Full call number Barcode Date last seen Price effective from Koha item type
    Library of Congress Classification     Main Collection ARRUPE LIBRARY ARRUPE LIBRARY Main Collection 09/09/2015   P94.W924 46500004251 26/02/2019 09/09/2015 Monograph ( Printed materials)

 

Arrupe Library. PO Box MP320 Mt Pleasant, Harare, Zimbabwe
263 242 745411|librarian@aju.ac.zw